| 000 | 00648nam a22001937a 4500 | ||
|---|---|---|---|
| 999 |
_c196488 _d196488 |
||
| 005 | 20230710125307.0 | ||
| 010 | _aENG-137266 | ||
| 020 |
_a9789385616303 _c999.00 |
||
| 035 | _aEN-120798 | ||
| 037 | _bDBAD/PUB | ||
| 082 | _2610.73 | ||
| 100 | _aANURADHA,S | ||
| 245 |
_aA Text Book Of Fundamentals of Nursing/ _cS. Anuradha |
||
| 260 |
_aAndhra Pradesh _c2022 _bVijayam Publications |
||
| 270 |
_a14-7-13, Sambhamurty Road, opp. Alapaati Rama Rao Arya Vysya Kalyana Mandapam, Hanumanpet ,Vijayawada _bAndhra Pradesh _e520003 |
||
| 300 |
_a20, Variable pages _c24cm(pbk) |
||
| 600 | _d | ||
| 942 |
_2ddc _cEN _mANU _h610.73 |
||